00466 2200193 4500245003700000020001800037250001100055100001500066700002300081700002000104650001700124005001900141260003100160041001400191084001300205300003400218336000900252338001100261 aBleach Vol. 37cKubo, TitehText a9789792346701 aCet. 1 aKubo, Tite aFebrian Anantasyah aIne Martiana K. aKomik Jepang a20230201144522 aJakartabPT Gramediac2010 aIndonesia a741.5592 a... jil. :bilus. ;c17,5 cm. atext avolume